01040nam a2200253 a 450000100100000000500170001000800410002704000250006808200220009310000250011524000340014024501010017425000110027526000500028630000210033649000190035750000270037650400310040359000760043470000400051083000260055095201930057699900170076900003501320200930074040.0111024s1956 mx 000 0 spa d aDO-SdBNPbspacBNPHU axxxxbW855i, 19561 aWolff, Werner960632 0aWhat is psychologylEspañol10aIntroducción a la psicología. /cWerner Wolff ; traducción de Federico Pascual del Rondal. a2a ed. aMéxico :bFondo Cultura Económica,c1956. a369 p. ;c17 cm.1 aBreviariosv82 aTraducido del inglés aBibliografía :p. 354-362 aPerteneció a la biblioteca personal de Juan Isidro Jimenes Grullón.1 aRondal, Federico Pascual del960633 0aBreviariosv82916416 001050718MOaGRbGRcCTd2011-10-24iLF1l0oxxxx W855i, 1956p35013-10r2020-06-25w2020-06-25y1zPerteneció a la biblioteca personal de Juan Isidro Jimenes -GrullónZNo se presta c34504d34504